| 000 | 00575nam a2200169 a 4500 | ||
|---|---|---|---|
| 005 | 20140310183353.0 | ||
| 008 | 121127s19uu xx 00 eng d | ||
| 020 | _a9780691149660 | ||
| 050 |
_aQ 164 _b.D759 2012 |
||
| 100 | _aDownie, Neil A. | ||
| 245 |
_aThe ultimate book of Saturday science : _bthe very best backyard science experiments you can do yourself / _cNeil A. Downie. |
||
| 260 |
_aPrinceton, NJ : _bPrinceton University Press, _c2012. |
||
| 300 |
_axi, 546 p. : _bill. ; _c23 cm. |
||
| 650 |
_aScience _xExperiments |
||
| 942 |
_cBK _2lcc _kFOR |
||
| 999 |
_c22160 _d22160 |
||